000 00706nam a22002297a 4500
005 20170124110007.0
010 _a181683
020 _c00.00
035 _a181683
037 _bCen Lib/Ret
040 _aDPL
_bEN
082 _a352
_bHIC
100 _a Hicks, Ursula K.
_917012
245 _aDevelopment from below :
_cby Ursula K. Hicks
_blocal government and finance in developing countries of the commonwealth /
260 _aOxford
_bThe clarendon press
_c1961
270 _bOxford
300 _axiii,549p. :
_c21cm(Hb)
500 _aIncludes index
650 _aDeveloping countries
_96550
650 _aLocal finance--British colonies
_917013
942 _2ddc
_cEN
_h352
_mHIC
999 _c126239
_d126239